<?xml version="1.0" encoding="UTF-8"?>
<record
    xmlns:xsi="http://www.w3.org/2001/XMLSchema-instance"
    xsi:schemaLocation="http://www.loc.gov/MARC21/slim http://www.loc.gov/standards/marcxml/schema/MARC21slim.xsd"
    xmlns="http://www.loc.gov/MARC21/slim">

  <leader>00899nkm a2200229 a 4500</leader>
  <controlfield tag="001">000056625</controlfield>
  <controlfield tag="005">20200120223305.0</controlfield>
  <controlfield tag="007">vducgaiz </controlfield>
  <controlfield tag="008">130618m2005    mdunnn       fs00 kneng d</controlfield>
  <datafield tag="020" ind1=" " ind2=" ">
    <subfield code="a">9588176174</subfield>
  </datafield>
  <datafield tag="041" ind1=" " ind2=" ">
    <subfield code="a">eng</subfield>
  </datafield>
  <datafield tag="082" ind1=" " ind2=" ">
    <subfield code="a">428</subfield>
    <subfield code="b">A67</subfield>
  </datafield>
  <datafield tag="245" ind1="1" ind2="0">
    <subfield code="a">Aprende ingl&#xE9;s jugando.</subfield>
  </datafield>
  <datafield tag="260" ind1=" " ind2=" ">
    <subfield code="a">Bogot&#xE1; :</subfield>
    <subfield code="b">M.S.T.V. &amp; Video,</subfield>
    <subfield code="c">2005.</subfield>
  </datafield>
  <datafield tag="300" ind1=" " ind2=" ">
    <subfield code="a">1 DVD (ca 84 min) :</subfield>
    <subfield code="b">son., col. ;</subfield>
    <subfield code="c">12 cm.</subfield>
  </datafield>
  <datafield tag="520" ind1=" " ind2=" ">
    <subfield code="a">En nuestros d&#xED;as se torna imprescindible el dominio del idioma ingl&#xE9;s para una correcta formaci&#xF3;n de nuestros hijos. Lo aprendido en la ni&#xF1;ez en forma espont&#xE1;nea y divertida, jam&#xE1;s se olvida. Porque aprender tambi&#xE9;n puede ser divertido.</subfield>
  </datafield>
  <datafield tag="546" ind1=" " ind2=" ">
    <subfield code="a">Espa&#xF1;ol.</subfield>
  </datafield>
  <datafield tag="650" ind1="1" ind2="4">
    <subfield code="a">Ingl&#xE9;s</subfield>
    <subfield code="x">Ense&#xF1;anza preescolar</subfield>
    <subfield code="v">Videodiscos.</subfield>
  </datafield>
  <datafield tag="650" ind1="2" ind2="4">
    <subfield code="a">Ingl&#xE9;s b&#xE1;sico</subfield>
    <subfield code="v">Videodiscos.</subfield>
  </datafield>
  <datafield tag="650" ind1="2" ind2="4">
    <subfield code="a">Ingl&#xE9;s b&#xE1;sico</subfield>
    <subfield code="v">Gu&#xED;as</subfield>
    <subfield code="v">Videodiscos.</subfield>
  </datafield>
  <datafield tag="650" ind1="2" ind2="4">
    <subfield code="a">Ingl&#xE9;s</subfield>
    <subfield code="a">gram&#xE1;tica</subfield>
    <subfield code="v">Videodiscos.</subfield>
  </datafield>
  <datafield tag="999" ind1=" " ind2=" ">
    <subfield code="c">5964</subfield>
    <subfield code="d">5964</subfield>
  </datafield>
  <datafield tag="952" ind1=" " ind2=" ">
    <subfield code="0">1</subfield>
    <subfield code="1">0</subfield>
    <subfield code="2">ddc</subfield>
    <subfield code="4">0</subfield>
    <subfield code="7">1</subfield>
    <subfield code="8">MUL</subfield>
    <subfield code="a">BPMOS</subfield>
    <subfield code="b">BPMOS</subfield>
    <subfield code="d">2020-01-20</subfield>
    <subfield code="i">114073</subfield>
    <subfield code="l">3</subfield>
    <subfield code="o">428 A67</subfield>
    <subfield code="o">cd.1</subfield>
    <subfield code="r">2021-08-31</subfield>
    <subfield code="s">2021-08-23</subfield>
    <subfield code="t">ej.1</subfield>
    <subfield code="w">2020-01-20</subfield>
    <subfield code="y">DVD</subfield>
    <subfield code="z">Tres d&#xED;as-Hemeroteca-Bib.Elec</subfield>
  </datafield>
</record>
